| 000 -LEADER |
| fixed length control field |
00316cam a22001097a 4500 |
| 008 - FIXED-LENGTH DATA ELEMENTS--GENERAL INFORMATION |
| fixed length control field |
180718b1967 xxu||||| |||| 00| 0 eng d |
| 082 ## - DEWEY DECIMAL CLASSIFICATION NUMBER |
| Classification number |
N2203x54 Inb/1967 |
| 245 ## - TITLE STATEMENT |
| Title |
The unlawful activities(prevention) bill |
| Statement of responsibility, etc. |
by Lok Sabha |
| 260 ## - PUBLICATION, DISTRIBUTION, ETC. |
| Place of publication, distribution, etc. |
New Delhi |
| Name of publisher, distributor, etc. |
Lok Sabha Secretariat |
| Date of publication, distribution, etc. |
1967 |
| 300 ## - PHYSICAL DESCRIPTION |
| Extent |
30p. |
| 700 ## - ADDED ENTRY--PERSONAL NAME |
| Personal name |
Lok Sabha |